Sme Tím časopis zamestnancov spoločnosti Slovak Telekom, a.s.

Bibliographic Details
New Title:T-Time
Previous Title:Sme Tu
Format: Journal
Language:Slovak
PhysicalDescription:2 zv. 27 cm
Published: Bratislava Slovak Telekom 2009-2010
Subjects:

MARC

LEADER 00000cas a2200000 a 4500
001 vtls009486126
003 SK-MaSNL
005 20260228155944.0
008 090323d20092010xo mr|p 0 b0slo
035 |a (SVKBB)vtls000306769 
040 |a SVKBB  |b slo  |c SVKBB  |d SNK  |e AACR2 
041 0 |a slo 
044 |a xo  |c SK 
072 7 |a 654  |x Telekomunikácie a diaľkové riadenie  |2 konspekt 
080 |a 654  |2 2001 
080 |a 050  |2 2001 
080 |a 621.39  |2 2001 
245 0 0 |a Sme Tím  |b časopis zamestnancov spoločnosti Slovak Telekom, a.s. 
260 |a Bratislava  |b Slovak Telekom  |c 2009-2010 
300 |a 2 zv.  |c 27 cm 
310 |a 1x mesačne 
362 0 |a Febr. (2009)-máj (2010) 
500 |a Šéfredaktor: Febr. (2009)-máj (2010), Zuzana Kačanová 
500 |a V č. máj (2010) je zvratmo priviazaný časopis Echo 
500 |a Č. máj (2010) rozmer zv. 29 cm 
515 |a Niektoré čísla vychádzajú ako dvojčíslo 
515 |a V r. 2010 vyšli len dve čísla 
650 0 7 |a telekomunikácia  |2 SNKPH  |9 105923 
655 7 |a podnikové časopisy  |2 SNKPH  |9 265225 
780 0 0 |t Sme Tu  |w vtls001467458 
785 0 0 |t T-Time  |w vtls010113616 
852 |a Štátna vedecká knižnica v Banskej Bystrici 
910 |a snk 
999 |c 993  |d 993 
952 |0 0  |1 0  |4 0  |7 0  |8 0  |a SNK  |b SNK  |d 2016-10-21  |i snk2016/24895  |l 0  |o snkČSB 6257/2009  |p 17A1046296  |r 2026-02-21 22:17:05  |t č. febr.-dec.  |w 2026-02-21  |y PREZ 
952 |0 0  |1 0  |4 0  |7 0  |8 0  |a SNK  |b SNK  |d 2016-10-21  |i snk2016/24896  |l 0  |o snkČSB 6257/2009 D1  |p 17A1046297  |r 2026-02-21 22:17:05  |t č. febr.-dec.  |w 2026-02-21  |y PREZ 
952 |0 0  |1 0  |4 0  |7 0  |8 0  |a SNK  |b SNK  |d 2016-10-21  |i snk2016/24918  |l 0  |o snkČSB 6257/2010  |p 17A1046298  |r 2026-02-21 22:17:05  |t č. febr., máj  |w 2026-02-21  |y PREZ 
952 |0 0  |1 0  |4 0  |7 0  |8 0  |a SNK  |b SNK  |d 2016-10-21  |i snk2016/24920  |l 0  |o snkČSB 6257/2010 D1  |p 17A1046289  |r 2026-02-21 22:17:05  |t č. febr., máj  |w 2026-02-21  |y PREZ